000 01003nam a2200253Ia 4500
003 OSt
005 20220923211129.0
006 a|||||r|||| 00| 0
007 ta
008 220922b |||||||| |||| 00| 0 hin d
020 _a8185073198 (hbk)
_c360
024 _a353,575
037 _b1861, 12/03/2021, Bright Book Service
_cTextual
040 _aARTS
_cARTS
_bhin
041 _2hin
_ahin
082 _aO31,1C5x, 152P3
100 _aसेठ, रवीन्द्र कुमार, ले.
245 0 _aतमिल शैवभक्त कवि सुंदरमूर्ति नायनार्
246 _aTamil shaivabhakta kavi suandaramūrti nāyanār
260 _aनई दिल्ली
_b साहित्य शोध संस्थान
_c2003
300 _a423पृ0
_ccm.
942 _hO31,1C5x, 152P3
_cTEXL
_2CC
999 _c295727
_d295727